000 00345nam a2200145Ia 4500
005 20251222144705.0
008 251222s9999||||xx |||||||||||||| ||spa||
020 _a84-7635-315-4
082 _a025.32/O41
100 _aOlaran Mégica, María
245 0 _aManual de catalogación:
250 _a2a.ed.
264 _bArco/Libros
942 _cLIB
999 _c17604
_d17604